00387nam a2200169Ia 4500008004100000020001800041245001500059245001400074260001500088260001600103260000900119300001500128300002500143300001100168440003000179500000800209170705s9999 xx 000 0 und d a9780531209264 aTee ball / cWil Mara. aNew York : bScholastic, c2012 a32 pages : bcolor illustration ; c18cm.  aRookie read-about sports. a280